000 00782nam a22002655i 4500
001 11106
003 ES-MaACL
005 20230906150029.0
007 t|
008 920506s1992 sp ||||0| spa j
020 _a84-7533-755-4
040 _aM-BN
_bspa
_cM-BN
080 _a804.99-53
100 1 _aLleal, Coloma.
_972739
245 1 0 _aBreu histáoria de la llengua catalana /
_cColoma Lleal.
250 _a[1ª ed.].
260 _aBarcelona :
_bBarcanova,
_c1992.
300 _a155 p ;
_c19 cm.
490 1 _aBiblioteca cultural Barcanova ;
_v17
504 _aBibliografía: p. [149]-152.
650 4 _aLengua catalana-
_vHistoria.
_914106
830 0 _aBiblioteca cultural Barcanova ;
_v17
_9178933
852 _aES-MaACL
_jL-18388
_bR.121830
999 _c11106
_d11106